00558 a2200157 4500010001400000020002300014035001300037037001500050082001000065100002100075245011300096260004400209270009900253300002700352700002100379 aENG-86996 a8188661481c250.00 aEN-70529 bDBAD / PUB14a650.11 aNatrajan, Ganesh1 aInspired :cby Ganesh Natrajan [and] Manjiri Gokhalebhow to create a formula for success in life and work / aChennaibEast West Books (Madras)c2006 a571, Poonamalle High Road, Kamraj Bhawan, AminjikaraibChennaie600 029mewb@touchtelindia.net axxv, 190pc22 cm (Pbk)1 aGokhale, Manjiri